ბათუმის შოთა რუსთაველის სახელმწიფო უნივერსიტეტის ბიბლიოთეკა

ლექსები / (ბიბ.ჩანაწერი № 40264)

000 -ლიდერი
ფიქსირებული სიგრძის საკონტროლო ველი 00771nam a2200205Ia 4500
001 - საკონტროლო ნომერი
საკონტროლო ველი 6872
003 - საკონტროლო ნომრის იდენტიფიკატორი
საკონტროლო ველი GE_BSU
005 - ბოლო ოპერაციის თარიღი და დრო
საკონტროლო ველი 20200129163622.0
008 - ფიქსირებული სიგრძის მონაცემთა ელემენტები - ზოგადი ინფორმაცია
ფიქსირებული სიგრძის საკონტროლო ველი 181216s1933||||ge |||||||||||||| ||geo||
040 ## - კატალოგიზაციის წყარო
Transcribing agency GE_BSU
041 ## - ენის კოდი
Language code of text/sound track or separate title geo
080 ## - უნივერსალური ათობითი კლასიფიკაციის ინდექსი
Universal Decimal Classification number 821.353.1-1 გ-66
100 ## - მთავარი ჩანაწერი - პიროვნების სახელი
Personal name გომიაშვილი, ალექსანდრე.
9 (RLIN) 6494
245 ## - ცნობა სათაურის შესახებ
Title ლექსები /
Statement of responsibility, etc ალექსანდრე გომიაშვილი ; პ/მ. რედ. გ. ნატროშვილი.
264 ## - წარმოების, გამოცემის, დისტრიბუციის და სხვა ცნობები
გამოცემის, წარმოების, დისტრიბუციის... ადგილი ტფილისი :
გამოცემის, წარმოების, დისტრიბუციის... სახელწოდება ფედერაცია,
გამოცემის, წარმოების, დისტრიბუციის... თარიღი 1933.
300 ## - ფიზიკური აღწერა
Extent 147 გვ. ;
Accompanying material 14 სმ.
653 ## - INDEX TERM--UNCONTROLLED
Uncontrolled term ლექსები
700 ## - ADDED ENTRY--PERSONAL NAME
Personal name ნატროშვილი, გ.
Relator term რედაქტორი
9 (RLIN) 6501
942 ## - ADDED ENTRY ELEMENTS (KOHA)
Koha item type წიგნი
Source of classification or shelving scheme
ეგზემპლარები
ჩამოწერის სტატუსი დაკარგული ეგზემპლარის სტატუსი კლასიფიკაციის წყარო ან თაროზე გაწყობის სქემა დაზიანების სტატუსი არ გაიცემა მუდმივი მდებარეობა (დაცვის ადგილი) ამჟამინდელი ადგილსამყოფელი თაროზე განთავსების ადგილი შეძენის თარიღი ღირებულება, შესყიდვის ნორმალური ფასი სრული შენახვის შიფრი შტრიხკოდი ბოლო ოპერაციის თარიღი ეგზემპლარის მიმდევრობითი ნომერი (კეტერი?) ფასის ძალაში შესვლის თარიღი ეგზემპლარის სახეობა საჯარო შენიშვნა
          ბათუმის შოთა რუსთაველის სახელმწიფო უნივერსიტეტის მთავარი ბიბლიოთეკა ბათუმის შოთა რუსთაველის სახელმწიფო უნივერსიტეტის მთავარი ბიბლიოთეკა წიგნსაცავი 2018-12-17 8.00 821.353.1-1 გ-66 14738 2018-12-17 14738 2018-12-17 წიგნი 8.00 ლ.
          ბათუმის შოთა რუსთაველის სახელმწიფო უნივერსიტეტის მთავარი ბიბლიოთეკა ბათუმის შოთა რუსთაველის სახელმწიფო უნივერსიტეტის მთავარი ბიბლიოთეკა წიგნსაცავი 2018-12-17 8.00 821.353.1-1 გ-66 14739 2018-12-17 14739 2018-12-17 წიგნი 8.00 ლ.
          ბათუმის შოთა რუსთაველის სახელმწიფო უნივერსიტეტის მთავარი ბიბლიოთეკა ბათუმის შოთა რუსთაველის სახელმწიფო უნივერსიტეტის მთავარი ბიბლიოთეკა წიგნსაცავი 2018-12-17 8.00 821.353.1-1 გ-66 14740 2018-12-17 14740 2018-12-17 წიგნი 8.00 ლ.
          ბათუმის შოთა რუსთაველის სახელმწიფო უნივერსიტეტის მთავარი ბიბლიოთეკა ბათუმის შოთა რუსთაველის სახელმწიფო უნივერსიტეტის მთავარი ბიბლიოთეკა წიგნსაცავი 2018-12-17 8.00 821.353.1-1 გ-66 14741 2018-12-17 14741 2018-12-17 წიგნი 8.00 ლ.
          ბათუმის შოთა რუსთაველის სახელმწიფო უნივერსიტეტის მთავარი ბიბლიოთეკა ბათუმის შოთა რუსთაველის სახელმწიფო უნივერსიტეტის მთავარი ბიბლიოთეკა წიგნსაცავი 2018-12-17 8.00 821.353.1-1 გ-66 14742 2018-12-17 14742 2018-12-17 წიგნი 8.00 ლ.